উচ্চ মাধ্যমিক জৈব রসায়ন / (Record no. 8298)
[ view plain ]
| 000 -LEADER | |
|---|---|
| fixed length control field | 00838nam a2200241 a 4500 |
| 001 - CONTROL NUMBER | |
| JCCL Control Number | 8298 |
| 003 - CONTROL NUMBER IDENTIFIER | |
| JCCL marc code | BD-JhCC |
| 005 - DATE AND TIME OF LATEST TRANSACTION | |
| control field | 20220727134023.0 |
| 008 - FIXED-LENGTH DATA ELEMENTS--GENERAL INFORMATION | |
| fixed length control field | 180220s19841996b a|||| || | 000 0 eng d |
| 035 ## - SYSTEM CONTROL NUMBER | |
| system control number | (BD-JhCC)8298 |
| 040 ## - CATALOGING SOURCE | |
| Original cataloging agency | BD-JhCC |
| Modifying agency | BD-JhCC |
| 041 ## - LANGUAGE CODE | |
| Language code of Book | eng |
| 082 ## - DEWEY DECIMAL CLASSIFICATION NUMBER | |
| Classification number | 547 |
| Author mark and Year | ZIK 1996 |
| 100 ## - MAIN ENTRY--PERSONAL NAME | |
| Personal name | নাথ, জি. কে. |
| 245 ## - TITLE STATEMENT | |
| Title | উচ্চ মাধ্যমিক জৈব রসায়ন / |
| Statement of responsibility, etc | জি. কে. নাথ এবং খোন্দকর খলিলুর রহমান |
| 250 ## - EDITION STATEMENT | |
| Edition statement | 12th ed. |
| 260 ## - PUBLICATION, DISTRIBUTION, ETC. (IMPRINT) | |
| Place of publication, distribution, etc | ঢাকা : |
| Name of publisher, distributor, etc | হাসান বুক হাউস, |
| Date of publication, distribution, etc | 1996. |
| 300 ## - PHYSICAL DESCRIPTION | |
| Pagination | 576 p. : |
| Other physical details | ill. ; |
| Dimensions | 19 cm. |
| 650 ## - SUBJECT ADDED ENTRY--TOPICAL TERM | |
| Topical term or geographic name as entry element | Orgemic Chemistry |
| 700 ## - ADDED ENTRY--PERSONAL NAME | |
| Personal name | ডঃ মোঃ আবুল কাসেম এবং হারাধন নাগ |
| 942 ## - ADDED ENTRY ELEMENTS (KOHA) | |
| Source of classification or shelving scheme | Dewey Decimal Classification |
| Koha item type | Books |
| Koha issues (borrowed), all copies | 3 |
| Source of classification or shelving scheme | Damaged status | Not for loan | Home library | Current library | Shelving location | Date of accession | Cost, normal purchase price | Total Checkouts | Full call number | Barcode | Date last seen | Copy number | Koha item type | Date checked out |
|---|---|---|---|---|---|---|---|---|---|---|---|---|---|---|
| Dewey Decimal Classification | JCC Rouf Library | JCC Rouf Library | General Stacks | 02/20/2018 | 115.00 | 547 ZIK 1996 | 10926 | 02/20/2018 | C-1 | Books | ||||
| Dewey Decimal Classification | JCC Rouf Library | JCC Rouf Library | General Stacks | 02/20/2018 | 115.00 | 1 | 547 ZIK 1996 | 10789 | 04/20/2020 | C-2 | Books | 03/22/2020 | ||
| Dewey Decimal Classification | JCC Rouf Library | JCC Rouf Library | General Stacks | 02/20/2018 | 115.00 | 547 ZIK 1996 | 10925 | 02/20/2018 | C-3 | Books | ||||
| Dewey Decimal Classification | JCC Rouf Library | JCC Rouf Library | General Stacks | 02/20/2018 | 115.00 | 1 | 547 ZIK 1996 | 10924 | 08/02/2022 | C-4 | Books | 07/27/2022 | ||
| Dewey Decimal Classification | JCC Rouf Library | JCC Rouf Library | General Stacks | 03/01/2018 | 150.00 | 547 ZIK 1996 | 11504 | 03/01/2018 | C-5 | Books |